Statistics for Every WR/TE season with 16+ receiving tds

Click here to take the quiz!

General Stats

  • This quiz has been taken 7 times
  • The average score is 15 of 22

Answer Stats

YearTDSTeamAnswer% Correct
201116DETCalvin Johnson
100%
202018GBDavante Adams
100%
198917SFOJerry Rice
100%
198722SFOJerry Rice
100%
200723NWERandy Moss
100%
199817MINRandy Moss
100%
200317MINRandy Moss
100%
201117NWERob Gronkowski
100%
202116LACooper Kupp
75%
199517MINCris Carter
75%
201416DALDez Bryant
75%
198418MIAMark Clayton
75%
200116SFOTerrell Owens
75%
200716CLEBraylon Edwards
50%
195117LAElroy Hirsch
50%
201316NOJimmy Graham
50%
200416CARMuhsin Muhammad
50%
199418GBSterling Sharpe
50%
199517CINCarl Pickens
25%
194217GBDon Hutson
25%
196316OAKArt Powell
0%
196117HOUBill Groman
0%

Score Distribution

Percentile by Number Answered

Percent of People with Each Score

Your Score History

You have not taken this quiz